000 00757cab a2200241 4500
001 WB3020-33
008 090401t1994 xxu||||| |||| 00| 0 eng d
035 _a(Sirsi) u58411
041 _aeng
245 _aHong Kong: land price caution
260 _c1994
350 _a0
490 _aFinancial Times
_v27 May 1994, 4(1)
520 _aAt a public land auction, property developers got together to arrange low bids, challenging Hong Kong`s government, which has pledged to intervene in the property market to bring down soaring prices.
650 _aHONG KONG
650 _aINTERVENTION
650 _aLAND MARKET
650 _aPROPERTY MARKET
690 _aLAND
690 _aOVERSEAS-REST OF THE WORLD
942 _n0
948 _c04/03/1997
999 _c35656
_d35656